AIDS readings on a global crisis

Includes bibliographies and index; Neal A. Newfield, Ph.D., LICSW (Giver)

Saved in:
Bibliographic Details
Main Author: Bethel, Elizabeth Rauh
Format: Book
Language:Undetermined
Published: Boston Allyn & Bacon 1995
Subjects:
Online Access:http://lrc.tdmu.edu.vn/opac/search/detail.asp?aID=2&ID=32103
Tags: Add Tag
No Tags, Be the first to tag this record!
Institutions: Trung tâm Học liệu Trường Đại học Thủ Dầu Một
LEADER 00751nam a2200217Ia 4500
001 TDMU_32103
008 210410s9999 xx 000 0 und d
082 |a 302 
090 |b B207 
100 |a Bethel, Elizabeth Rauh 
245 0 |a AIDS 
245 0 |b readings on a global crisis 
245 0 |c Elizabeth Rauh Bethel 
260 |a Boston 
260 |b Allyn & Bacon 
260 |c 1995 
300 |a xvi, 380 p. 
520 |a Includes bibliographies and index; Neal A. Newfield, Ph.D., LICSW (Giver)  |d 2017 
650 |a AIDS (Disease)  |x Social aspects; AIDS (Bệnh tật)  |x Khía cạnh xã hội 
856 |u http://lrc.tdmu.edu.vn/opac/search/detail.asp?aID=2&ID=32103 
980 |a Trung tâm Học liệu Trường Đại học Thủ Dầu Một